000 nam a22 7a 4500
999 _c10227
_d10227
008 180213b ||||| |||| 00| 0 eng d
100 _aStella,D.
_96222
245 _aEncyclopedia of Flora & Fauna
260 _aNew Delhi
_bAnmol
_c2006